Structure and process of citizen participation in rural development : A micro-level exploratory study in a block in Andhra Pradesh (Record no. 20855)

MARC details
000 -LEADER
fixed length control field 00579nam a2200157Ia 4500
082 ## - DEWEY DECIMAL CLASSIFICATION NUMBER
Classification number TS.0118
100 ## - MAIN ENTRY--AUTHOR NAME
Personal name Seetharam, Mukkavilli
245 #0 - TITLE STATEMENT
Title Structure and process of citizen participation in rural development : A micro-level exploratory study in a block in Andhra Pradesh
260 ## - PUBLICATION, DISTRIBUTION, ETC. (IMPRINT)
Year of publication 1986
Name of publisher University of Delhi
300 ## - PHYSICAL DESCRIPTION
Number of Pages 203p. + C D - 53
650 ## - SUBJECT ADDED ENTRY--TOPICAL TERM
Topical Term BLOCK DEVELOPMENT OFFICERS - ANDHRA PRADESH
650 ## - SUBJECT ADDED ENTRY--TOPICAL TERM
Topical Term CITIZEN PARTICIPATION IN RURAL DEVELOPMENT - ANDHRA PRADESH
650 ## - SUBJECT ADDED ENTRY--TOPICAL TERM
Topical Term RURAL DEVELOPMENT - ANDHRA PRADESH
710 ## - ADDED ENTRY--CORPORATE NAME
Corporate name or jurisdiction name as entry element Ranade, S.N.
942 ## - ADDED ENTRY ELEMENTS (KOHA)
Koha item type Thesis
Source of classification or shelving scheme Dewey Decimal Classification
Holdings
Withdrawn status Lost status Damaged status Not for loan Home library Current library Date acquired Bill Date Full call number Accession Number Price effective from Koha item type
        NASSDOC Library NASSDOC Library 08/10/2004 2004-10-22 TS.0118 29431 18/04/2019 Thesis